00370cam a22001097a 4500008004000000082001300040245010500053260003600158300001000194650003400204700002200238180718b1975 xxu||||| |||| 00| 0 eng d aB123 O18 aOn growth two: the crisis of exploding population and resource depletioncedited by Willem L. Otmans aNew YorkbCapricorn Booksc1975 a367p. aPopulation - Economic aspects aOtmans, Willem L.